Témává és formává avatva a vizualitás diadala visszatekintés a Színházi Nyitra '99 fesztiválra

Bibliographic Details
Main Author: Lakatos, Krisztina (Author)
Format: Article
Language:Hungarian
PhysicalDescription:Fotogr.
Subjects:

MARC

LEADER 00000nab a2200000 a 4500
001 vtls000707641
003 SK-MaSNL
005 20260319075555.0
008 180205c1999 xo 0 hun
015 |a SNBRB1999/10-13233 
035 |a CLN000059808 
040 |a SNKBUCL  |b slo  |c SNKBUCL  |e AACR2 
041 0 |a hun 
044 |a xo  |c SK 
080 |a 792.091.4  |2 UDC-MRF-SK2 
100 1 |a Lakatos, Krisztina  |4 aut  |9 352243 
245 1 0 |a Témává és formává avatva a vizualitás diadala  |b visszatekintés a Színházi Nyitra '99 fesztiválra  |c Lakatos Krisztina 
300 |b Fotogr. 
611 2 7 |a Divadelná Nitra  |n (8. :  |d 1999 :  |c Nitra, Slovensko)  |2 snkbucl  |9 82648 
651 7 |a 403  |2 snkbucl  |9 287051 
655 7 |a články z novín a časopisov  |2 snkbucl  |9 267496 
773 0 |t Új szó  |g Roč. 52, č. 244 (22.10.1999), s. 11 
850 |a Slovenská národná knižnica v Martine 
852 |a SNK  |b KIS3GCP 
958 |a RBX 
999 |c 1412021  |d 1413951